Austria Fact-File - Statistics

General Stats
  • This quiz has been taken 13 times
  • The average score is 16 of 20
Answer Stats
Hint Answer % Correct
Currency Euro
100%
Continent Europe
100%
Official Language German
100%
Bordering Country Italy
100%
Driving Side Right
100%
Bordering Country Slovenia
100%
Bordering Country Switzerland
100%
Capital City Vienna
100%
Largest City (By Population) Vienna
100%
Bordering Country Czech Republic
92%
Bordering Country Germany
92%
Bordering Country Hungary
92%
Bordering Country Liechtenstein
92%
Bordering Country Slovakia
83%
Most popular sport Football
75%
Highest Point Grossglockner
75%
National Animal Golden Eagle
67%
Calling Code +43
33%
Tallest Building DC Tower 1
17%
National Anthem (English Name) National Anthem of the Republic of Austria
0%
No matching quizzes found
Score Distribution
Percent of People with Each Score
Percentile by Number Answered
Your Score History
You have not taken this quiz